| 000 | 00846cam a2200229 a 4500 | ||
|---|---|---|---|
| 001 | 000009672 | ||
| 005 | 20200929161651.0 | ||
| 008 | 790925s1974 cl 001 d spa | ||
| 040 |
_aDO-SdBNP _bspa _cBNPHU |
||
| 082 |
_a862.64 _bM828n |
||
| 100 | 1 |
_aMorales, José Ricardo, _d1915- _q(José Ricardo Morales Malva) _924569 |
|
| 245 | 1 | 0 |
_aNo son farsas : _bcinco anuncios dramáticos / _cJosé Ricardo Morales ; edición Mauricio Amster. |
| 260 |
_aSantiago de Chile : _bUniversitaria, _c1974. |
||
| 300 |
_a237 p. ; _c19 cm. |
||
| 490 | 1 | _aTeatro | |
| 505 | 0 | _aOrfeo y el desodorante.--La cosa humana.--El inventario.--El material.--No hay que perder la cabeza. | |
| 650 | 4 |
_aTeatro español _93071 |
|
| 650 | 4 |
_aFarsas _xTeatro _924570 |
|
| 650 | 4 |
_aLiteratura española _9632 |
|
| 700 | 1 |
_aAmster, Mauricio _eed. _93441 |
|
| 830 | 0 |
_aTeatro. _95617 |
|
| 999 |
_c9432 _d9432 |
||